Three of a Kind Quiz Stats

 Plays Quiz Updated Jun 7, 2017

Also try: The Ten Essentials
Challenge
Share
Tweet
Embed
Score 0/60 Timer 10:00
0 Plays Today
Clue Word % Correct
Zero in tennisLove
84.8%
Cyclist ArmstrongLance
82.3%
Three strikesOut
76.8%
Peaceful birdDove
72.1%
PlanetMars
71.9%
Jousting implementLance
71.9%
A fortified winePort
70.4%
Openly homosexualOut
67.8%
Direction on a shipPort
64.5%
Hockey game requirementPuck
64%
Not homeOut
63.8%
TV's VeronicaMars
62.9%
Secure place for shipsPort
61.3%
Type of corporalLance
54.2%
Karate levelBelt
52.8%
Cirque du Soleil's Beatles-themed showLove
49%
Shakespearean spritePuck
48.4%
Sing loudlyBelt
46.8%
Actress PattyDuke
46.6%
Type of ice cream barDove
45.1%
Character on 'Glee'Puck
43.8%
Actor JohnsonDon
40.6%
DamagesMars
40.5%
School in the ACCDuke
40%
Highest peerage titleDuke
39.7%
Disney Animated FilmUp
39.6%
Surname of a Beach BoyLove
39.1%
Vital energy in Eastern
medicine
Chi
38.9%
Put on clothesDon
38.4%
AwakeUp
37.8%
Clue Word % Correct
22nd Greek letterChi
37.3%
Toy with a string and a tailKite
36.6%
Spanish noblemanDon
35.3%
Type of quarkUp
33.8%
Long-snouted fishPike
31.7%
Diving positionPike
30.3%
A stiff drinkBelt
29.6%
Toll roadPike
28.1%
Former US Poet Laureate RitaDove
27.2%
Boxing blowHook
27.1%
Bony freshwater fishBass
27%
Stringed instrumentBass
26.9%
A set of cardsHand
26.7%
Actor McBrideChi
26.5%
A small hawkKite
26%
Four inchesHand
25.1%
Opposite of sliceHook
23.6%
Pharrell Williams' bandN*E*R*D
23.4%
British ale brewerBass
22.9%
Note on the scaleSol
22.7%
ClappingHand
22.5%
Star closest to MercurySol
22.4%
Metallic elementLead
20.3%
Guide or openLead
19.7%
Spielberg movieHook
19.6%
Small irregular candy sold in flavor pairsNerd
19.1%
Peruvian currencySol
18.5%
Dart's partner tile shapeKite
16.6%
Electrical connectorLead
15.6%
'If I Ran the Zoo' creatureNerd
14.1%

You're not logged in!

Compare scores with friends on all Sporcle quizzes.
OR
Log In

You Might Also Like...

Show Comments

Extras

Top Quizzes Today


Score Distribution

Your Account Isn't Verified!

In order to create a playlist on Sporcle, you need to verify the email address you used during registration. Go to your Sporcle Settings to finish the process.

Report this User

Report this user for behavior that violates our Community Guidelines.

Details: